पुस्तालय संदर्भ सेवा / (Record no. 119685)
[ view plain ]
| 000 -LEADER | |
|---|---|
| fixed length control field | 01309nam a22002777a 4500 |
| 005 - DATE AND TIME OF LATEST TRANSACTION | |
| control field | 20170124103146.0 |
| 010 ## - LIBRARY OF CONGRESS CONTROL NUMBER | |
| LC control number | A-725362 |
| 020 ## - INTERNATIONAL STANDARD BOOK NUMBER | |
| Terms of availability | 200.00 |
| 035 ## - SYSTEM CONTROL NUMBER | |
| System control number | A-725362 |
| 037 ## - SOURCE OF ACQUISITION | |
| Source of stock number/acquisition | Cen Lib/Ret |
| 040 ## - CATALOGING SOURCE | |
| Original cataloging agency | DPL |
| Language of cataloging | HN |
| 082 ## - DEWEY DECIMAL CLASSIFICATION NUMBER | |
| Classification number | 025.52 |
| Item number | अग्रवा |
| 100 ## - MAIN ENTRY--PERSONAL NAME | |
| Personal name | अग्रवाल, एम.एल. |
| 9 (RLIN) | 86213 |
| 245 ## - TITLE STATEMENT | |
| Title | पुस्तालय संदर्भ सेवा / |
| Statement of responsibility, etc | एम.एल. अग्रवाल [और] एस.ज़ी. शर्मा |
| 246 ## - VARYING FORM OF TITLE | |
| Title proper/short title | Pustakalay sandrabh seva / |
| Remainder of title | by M.L. Agarwal [aur] S.G. Sharma |
| 260 ## - PUBLICATION, DISTRIBUTION, ETC. (IMPRINT) | |
| Place of publication, distribution, etc | जयपुर |
| Name of publisher, distributor, etc | प्रिन्टवेल |
| Date of publication, distribution, etc | 1994 |
| 270 ## - ADDRESS | |
| City | जयपुर |
| Address | एस-12, शोपिंग काम्प्लेक्स, तिलक नगर |
| Postal code | 302004 |
| 300 ## - PHYSICAL DESCRIPTION | |
| Extent | 147पृ. |
| Dimensions | 21सेमी (सजिल्द) |
| 500 ## - GENERAL NOTE | |
| General note | सन्दर्भ सूची शामिल |
| 650 ## - SUBJECT ADDED ENTRY--TOPICAL TERM | |
| Topical term or geographic name as entry element | पुस्तकालय विज्ञान--सन्दर्भ सेवा |
| 9 (RLIN) | 86214 |
| 650 ## - SUBJECT ADDED ENTRY--TOPICAL TERM | |
| Topical term or geographic name as entry element | लाइब्रेरी सेवा |
| 9 (RLIN) | 86215 |
| 650 ## - SUBJECT ADDED ENTRY--TOPICAL TERM | |
| Topical term or geographic name as entry element | Library and information science--Reference Service |
| 9 (RLIN) | 86216 |
| 650 ## - SUBJECT ADDED ENTRY--TOPICAL TERM | |
| Topical term or geographic name as entry element | Library Services |
| 9 (RLIN) | 998 |
| 700 ## - ADDED ENTRY--PERSONAL NAME | |
| Personal name | शर्मा, एस.ज़ी. |
| 9 (RLIN) | 86217 |
| 942 ## - ADDED ENTRY ELEMENTS (KOHA) | |
| Source of classification or shelving scheme | Dewey Decimal Classification |
| Koha item type | Hindi Books |
| Classification part | 025.52 |
| Call number suffix | अग्रवा |
| Withdrawn status | Lost status | Damaged status | Not for loan | Home library | Current library | Date acquired | Source of acquisition | Cost, normal purchase price | Total Checkouts | Full call number | Barcode | Date last seen | Date checked out | Copy number | Cost, replacement price | Price effective from | Koha item type |
|---|---|---|---|---|---|---|---|---|---|---|---|---|---|---|---|---|---|
| Central Library | Central Library | 18/09/2015 | Cen Lib/Ret | 200.00 | 3 | 025.52 अग्रवा | A-725362 | 31/01/2024 | 10/08/2023 | 1 | 200.00 | 18/09/2015 | Hindi Books |
